000
00452nam a22001457a 4500
020
_a
9781111839529
082
_a
612.8
100
_a
Kalat, James W
245
_a
Biological psychology
250
_a
11th
260
_a
Australia
_b
Cengage learning
_c
2013.
300
_a
584
942
_c
BK
999
_c
349381
_d
349381